| 000 | 00627nam a2200193 i 4500 | ||
|---|---|---|---|
| 001 | 94968 | ||
| 003 | ES-MaACL | ||
| 005 | 20230906181612.0 | ||
| 007 | t| | ||
| 008 | 050519s2002 sp ||||1| spa d | ||
| 100 | 1 |
_aLuder, William Fay. _974610 |
|
| 245 | 1 | 0 |
_aQuímica general / _cWilliam Fay Ludeer, Arthur A. Vernon, Saverio Zuffanti; [traducción por R. Madroñero. |
| 260 |
_aMadrid : _bAlhambra, _c1961. |
||
| 300 |
_aXIV, 627 p. : _bil. ; _c25 cm. |
||
| 700 | 1 |
_aVernon, Arthur A. _9114184 |
|
| 700 | 1 |
_aZuffanti, Saverio. _9118429 |
|
| 700 | 1 |
_aMadroñero Peláez, R. _9129324 |
|
| 852 |
_aES-MaACL _jC-20535 _bR.48792 |
||
| 999 |
_c94968 _d94968 |
||